Each peach pear plum / (Record no. 6952)

MARC details
000 -LEADER
fixed length control field 00962nam a22003017a 4500
001 - CONTROL NUMBER
control field 6952
003 - CONTROL NUMBER IDENTIFIER
control field FISKH
005 - DATE AND TIME OF LATEST TRANSACTION
control field 20250611152953.0
008 - FIXED-LENGTH DATA ELEMENTS--GENERAL INFORMATION
fixed length control field 250611b cb ||||| |||| 00| 0 eng d
020 ## - INTERNATIONAL STANDARD BOOK NUMBER
International Standard Book Number 0590410814
040 ## - CATALOGING SOURCE
Original cataloging agency FISKH
Language of cataloging eng
Transcribing agency FISKH
Modifying agency FISKH
050 ## - LIBRARY OF CONGRESS CALL NUMBER
Classification number PZ8.A278 E
082 ## - DEWEY DECIMAL CLASSIFICATION NUMBER
Classification number 823.914
100 ## - MAIN ENTRY--PERSONAL NAME
Personal name Ahlberg, Janet
Dates associated with a name (1944–1994)
245 ## - TITLE STATEMENT
Title Each peach pear plum /
Statement of responsibility, etc. Janet and Allan Ahlberg
250 ## - EDITION STATEMENT
Edition statement This edition first published in 1978
260 ## - PUBLICATION, DISTRIBUTION, ETC.
Place of publication, distribution, etc. New York :
Name of publisher, distributor, etc. Scholastic,
Date of publication, distribution, etc. 1978
300 ## - PHYSICAL DESCRIPTION
Extent 26 unnumbered pages :
Other physical details color illustrations ;
Dimensions 20 x 25 cm
505 ## - FORMATTED CONTENTS NOTE
Formatted contents note G<br/>
520 ## - SUMMARY, ETC.
Summary, etc. Rhymed text and illustrations invite the reader to play "I Spy" with a variety of Mother Goose and other folklore characters.<br/>
521 8# - TARGET AUDIENCE NOTE
Target audience note 370<br/>
Source Lexile<br/>
521 8# - TARGET AUDIENCE NOTE
Target audience note G<br/>
Source Raz-Plus<br/>
650 ## - SUBJECT ADDED ENTRY--TOPICAL TERM
Source of heading or term Picture book
Topical term or geographic name entry element Rhyme
650 ## - SUBJECT ADDED ENTRY--TOPICAL TERM
Source of heading or term Fairy tales
Topical term or geographic name entry element Children
700 ## - ADDED ENTRY--PERSONAL NAME
Personal name Ahlberg, Allan
Dates associated with a name (1938-)
942 ## - ADDED ENTRY ELEMENTS (KOHA)
Source of classification or shelving scheme Dewey Decimal Classification
Koha item type Books
Suppress in OPAC No
Holdings
Withdrawn status Lost status Source of classification or shelving scheme Damaged status Not for loan Collection Home library Current library Shelving location Date acquired Total Checkouts Full call number Barcode Date last seen Copy number Price effective from Koha item type Date last checked out
    Dewey Decimal Classification     Juvenile Fiction Footprints International School Library Network Toul Tom Poung Campus Footprints International School Library Network Toul Tom Poung Campus TTP Primary Green Bookshelves 06/11/2025   AHL 823.914 PZ8.A278 E 2025-1579 06/11/2025 1 06/11/2025 Books  
    Dewey Decimal Classification     Juvenile Fiction Footprints International School Library Network Toul Tom Poung Campus Footprints International School Library Network Toul Tom Poung Campus TTP Primary Green Bookshelves 06/11/2025 1 AHL 823.914 PZ8.A278 E FISTK01793 01/09/2026 2 06/11/2025 Books 12/12/2025